| 000 | 00668nam a2200193Ia 4500 | ||
|---|---|---|---|
| 008 | 140626s9999 xx 000 0 und d | ||
| 100 | _aMarshall, Keith. | ||
| 245 |
_aUtilising behavioral family theraphy (BFT) to help support the system around a person with intellectual disability and complex mental health needs a case study / _cKeith Marshall ... [et al.] |
||
| 260 | _cc2012. | ||
| 300 | _a16 : 2, page 109 | ||
| 440 | _aJournal of Intellectual Disabilities | ||
| 521 | _aSPED | ||
| 650 | _aBehavioral family therapy. | ||
| 650 | _aFamily stress. | ||
| 650 | _aPsycho-education. | ||
| 650 | _aStaffstress. | ||
| 650 | _aSupport system. | ||
| 942 | _cSE | ||
| 999 |
_c120943 _d120943 |
||